Governing Diversity Without Naming It: An Analysis of Neighbourhood Policies in Paris

Analýza spôsobov, prostredníctvom ktorých francúzske mestské politiky riešia diverzifikáciu mestského obyvateľstva prostredníctvom rovnosti a bez uznania etnických rozdielov. Zameranie sa na sociálno-ekonomické charakteristiky v Paríži, ktoré je príkladom „rozdeleného mesta“ v oblasti príjmov a štát...

Ausführliche Beschreibung

Gespeichert in:
Bibliographische Detailangaben
1. Verfasser: Escafré-Dublet, Angéline
Weitere Verfasser: Lelévrier, Christine
Format: Buchkapitel
Sprache:Englisch
Schlagworte:
Tags: Tag hinzufügen
Keine Tags, Fügen Sie das erste Tag hinzu!

MARC

LEADER 00000naa a2200000 4500
001 0257121
005 20221104111405.2
041 0 |a eng 
044 |a GB 
245 1 0 |a Governing Diversity Without Naming It: An Analysis of Neighbourhood Policies in Paris  |c Angéline Escafré-Dublet, Christine Lelévrier 
520 |a Analýza spôsobov, prostredníctvom ktorých francúzske mestské politiky riešia diverzifikáciu mestského obyvateľstva prostredníctvom rovnosti a bez uznania etnických rozdielov. Zameranie sa na sociálno-ekonomické charakteristiky v Paríži, ktoré je príkladom „rozdeleného mesta“ v oblasti príjmov a štátnej príslušnosti. 
610 2 0 |a diverzita 
610 2 0 |a vláda 
610 2 0 |a Francúzsko 
610 2 0 |a mestá 
100 1 |a Escafré-Dublet, Angéline 
700 1 |a Lelévrier, Christine